Ruby and the Booker boys : brand new school, brave new Ruby /
When Ruby Booker starts third grade at Hope Road Academy, the same school her three illustrious older brothers attend, she tries hard to make an impression of her own.
| Main Author: | |
|---|---|
| Other Authors: | |
| Format: | Book |
| Language: | English |
| Published: |
New York :
Scholastic,
[2008]
|
| Series: | Barnes, Derrick D. Ruby and the Booker boys.
Little apple. |
| Subjects: | |
| Online Access: | Publisher description |
MARC
| Tag | First Indicator | Second Indicator | Subfields |
|---|---|---|---|
| LEADER | 00000cam a22000004a 4500 | ||
| 001 | in00002781250 | ||
| 005 | 20200425063017.0 | ||
| 008 | 070817s2008 nyua b 000 1 eng | ||
| 010 | |a 2007030828 | ||
| 020 | |a 9780545017602 | ||
| 020 | |a 0545017602 | ||
| 020 | |a 1439594015 (PawPrnt) | ||
| 020 | |a 9781439594018 (PawPrnt) | ||
| 035 | |a (OCoLC)ocn184821936 | ||
| 040 | |a DLC |c DLC |d UtOrBLW | ||
| 042 | |a lcac | ||
| 049 | |a TXAM | ||
| 050 | 0 | 0 | |a PZ7.B26154 |b Ru 2008 |
| 082 | 0 | 0 | |a [Fic] |2 22 |
| 100 | 1 | |a Barnes, Derrick. | |
| 245 | 1 | 0 | |a Ruby and the Booker boys : |b brand new school, brave new Ruby / |c by Derrick Barnes ; illustrated by Vanessa Brantley Newton. |
| 246 | 3 | 0 | |a Brand new school, brave new Ruby |
| 264 | 1 | |a New York : |b Scholastic, |c [2008] | |
| 264 | 4 | |c ©2008 | |
| 300 | |a 130 pages : |b illustrations ; |c 19 cm. | ||
| 336 | |a text |b txt |2 rdacontent | ||
| 337 | |a unmediated |b n |2 rdamedia | ||
| 338 | |a volume |b nc |2 rdacarrier | ||
| 490 | 1 | |a Little apple | |
| 490 | 1 | |a Ruby and the Booker boys ; |v 1 | |
| 500 | |a "A Little Apple paperback." | ||
| 520 | |a When Ruby Booker starts third grade at Hope Road Academy, the same school her three illustrious older brothers attend, she tries hard to make an impression of her own. | ||
| 650 | 0 | |a Individuality |v Juvenile fiction. | |
| 650 | 0 | |a Brothers and sisters |v Juvenile fiction. | |
| 650 | 0 | |a Schools |v Juvenile fiction. | |
| 650 | 1 | |a Individuality |v Fiction. | |
| 650 | 1 | |a Brothers and sisters |v Fiction. | |
| 650 | 1 | |a Schools |v Fiction. | |
| 650 | 1 | |a African Americans |v Fiction. | |
| 655 | 0 | |a Children's stories. | |
| 700 | 1 | |a Brantley-Newton, Vanessa, |e illustrator. | |
| 830 | 0 | |a Little apple. | |
| 800 | 1 | |a Barnes, Derrick D. |t Ruby and the Booker boys. | |
| 856 | 4 | 2 | |3 Publisher description |u http://catdir.loc.gov/catdir/enhancements/fy1112/2007030828-d.html |t 0 |
| 945 | |a PromptCat |b 916775 | ||
| 946 | |a curr | ||
| 947 | |a A14835904935 | ||
| 948 | |a cataloged |b h |c 2012/6/15 |d c |e dmitchel |f 9:50:30 am | ||
| 994 | |a 92 |b TXA | ||
| 999 | |a MARS | ||
| 999 | f | f | |s 1d63be9a-3ccc-3455-9c76-11d869cb724f |i abb5db3d-49dc-3fa7-98c6-fd7ef2111406 |t 0 |
| 952 | f | f | |p normal |a Texas A&M University |b College Station |c Sterling C. Evans Library |d Evans: Curriculum Collection (4th floor) |t 0 |e PZ7.B26154 Ru 2008 |h Library of Congress classification |i unmediated -- volume |m A14835904935 |
| 998 | f | f | |a PZ7.B26154 Ru 2008 |t 0 |l Evans: Curriculum Collection (4th floor) |